00677 2200205 4500001002100000005001700021008004100038035002500079040001200104082001800116084002200134100005600156245012400212260003200336300002900368650002600397850001200423990001800435990001800453INLIS00000000000750820150908143908.0  a0010-071500000000191 aYOPDYOG 223a345.02323 aR 345.02323 Ind H aIndonesia [Undang-undang tindak pidana korupsi ...] aHimpunan peraturan pemberantasan tindak pidana korupsi KKN bersama KPK, BPK dan tindak pidana pencucian uang tahun 2013 aJakartabTamita Utamac2013 axi, 580 hlm.c; 21,5 cm. aTindak pidana korupsi aYOPDYOG a18833-PD/B.15 a18834-PD/B.15